100 ý tưởng kinh doanh tuyệt hay Từ những công ty hàng đầu thế giới

Spremljeno u:
Bibliografski detalji
Glavni autor: Kourdi, Jeremy
Daljnji autori: Mai, Mai Hương (Dịch)
Format: Knjiga
Jezik:Vietnamese
Izdano: T.P. Hồ Chí Minh Trẻ 2015
Izdanje:Tái bản lần thứ hai
Teme:
Oznake: Dodaj oznaku
Bez oznaka, Budi prvi tko označuje ovaj zapis!
Thư viện lưu trữ: Trung tâm Học liệu Lê Vũ Hùng, Trường Đại học Đồng Tháp
LEADER 01077aam a22003618a 4500
001 00034461
005 20171026081025.0
008 160914s2015 ||||||viesd
020 # # |a 9786041002869  |c 83000 
041 0 # |a vie 
082 1 4 |a 650.1  |b M458TR 
100 1 # |a Kourdi, Jeremy 
245 1 0 |b Từ những công ty hàng đầu thế giới  |a 100 ý tưởng kinh doanh tuyệt hay  |c Jeremy Kourdi; Mai Mai Hương (dịch) 
246 0 1 |a 100 great business ideas 
250 # # |a Tái bản lần thứ hai 
260 # # |b Trẻ  |c 2015  |a T.P. Hồ Chí Minh 
300 # # |a 340 tr.  |c 21 cm. 
653 # # |a Chiến lược 
653 # # |a Kinh doanh 
653 # # |a Lập nghiệp 
653 # # |a Thành công 
653 # # |a Ý tưởng 
700 1 # |a Mai, Mai Hương  |e Dịch 
852 # # |b Kho đọc  |j KD.0017705 
852 # # |j KD.0017705 
910 |d 14/09/2016 
980 # # |a Trung tâm Học liệu Lê Vũ Hùng, Trường Đại học Đồng Tháp